Classement des poids lourds de l'UFC - Statistiques

Statistiques générales
  • Ce quiz a été pris 593 fois
    177 depuis la dernière actualisation
  • Le résultat moyen est 8 sur 16
Statistiques - réponses
Hint Réponse % Correct
CHAMP Jon Jones
99%
#2 Ciryl Gane
94%
#1, IC Tom Aspinall
86%
#3 Alexander Volkov
76%
#11 Tai Tuivasa
62%
#5 Curtis Blaydes
60%
#4 Sergei Pavlovich
59%
#10 Derrick Lewis
58%
#7 Serghei Spivac
52%
#6 Jailton Almeida
51%
#9 Jairzinho Rozenstruik
37%
#8 Marcin Tybura
28%
#15 Shamil Gaziev
16%
#13 Waldo Cortes-Acosta
12%
#12 Marcos Rogerio de Lima
10%
#14 Mick Parkin
8%
Aucun quiz correspondant
Distribution des résultats
% des personnes avec chaque résultat
Percentile par nombre de réponses
Votre historique - résultats
Vous n’avez pas pris ce quiz depuis la dernière actualisation